ბათუმის შოთა რუსთაველის სახელმწიფო უნივერსიტეტის ბიბლიოთეკა

მემკვიდრეობის სამართალი : (ბიბ.ჩანაწერი № 59367)

000 -ლიდერი
ფიქსირებული სიგრძის საკონტროლო ველი 01080nam a22002177a 4500
003 - საკონტროლო ნომრის იდენტიფიკატორი
საკონტროლო ველი Ge_BSU
005 - ბოლო ოპერაციის თარიღი და დრო
საკონტროლო ველი 20230131123141.0
008 - ფიქსირებული სიგრძის მონაცემთა ელემენტები - ზოგადი ინფორმაცია
ფიქსირებული სიგრძის საკონტროლო ველი 230131s2000 ge ||||| |||| 00| 0 geo d
020 ## - წიგნის საერთაშორისო სტანდარტული ნომერი
International Standard Book Number 9992822163
041 ## - ენის კოდი
Language code of text/sound track or separate title geo
080 ## - უნივერსალური ათობითი კლასიფიკაციის ინდექსი
Universal Decimal Classification number 347.65/68(479.22)(075.8) ჩ-59
100 ## - მთავარი ჩანაწერი - პიროვნების სახელი
Personal name ჩიკვაშვილი, შალვა
9 (RLIN) 16624
245 ## - ცნობა სათაურის შესახებ
Title მემკვიდრეობის სამართალი :
Remainder of title [სახელმძღვ. უმაღლ. სასწ. იურიდ. სპეც. სტუდენტებისათვის /
Statement of responsibility, etc შალვა ჩიკვაშვილი ; რედ. ლელა ნადიბაიძე.
264 ## - წარმოების, გამოცემის, დისტრიბუციის და სხვა ცნობები
გამოცემის, წარმოების, დისტრიბუციის... ადგილი თბილისი :
გამოცემის, წარმოების, დისტრიბუციის... სახელწოდება მერიდიანი,
გამოცემის, წარმოების, დისტრიბუციის... თარიღი 2000.
300 ## - ფიზიკური აღწერა
Extent 280 გვ. ;
Other physical details 20 სმ.
501 ## - შენიშვნა თანმხლებ მასალაზე
With note დანართი: გვ. 247-278.
520 ## - SUMMARY, ETC.
Summary, etc რეზ. რუს.
653 ## - INDEX TERM--UNCONTROLLED
Uncontrolled term მემკვიდრეობითი სამართალი.
700 ## - ADDED ENTRY--PERSONAL NAME
Personal name ნადიბაიძე, ლელა
Relator term რედაქტორი
9 (RLIN) 16625
942 ## - ADDED ENTRY ELEMENTS (KOHA)
Source of classification or shelving scheme
Koha item type წიგნი
ეგზემპლარები
ჩამოწერის სტატუსი დაკარგული ეგზემპლარის სტატუსი კლასიფიკაციის წყარო ან თაროზე გაწყობის სქემა დაზიანების სტატუსი არ გაიცემა მუდმივი მდებარეობა (დაცვის ადგილი) ამჟამინდელი ადგილსამყოფელი თაროზე განთავსების ადგილი შეძენის თარიღი ღირებულება, შესყიდვის ნორმალური ფასი სრული შენახვის შიფრი შტრიხკოდი ბოლო ოპერაციის თარიღი ეგზემპლარის მიმდევრობითი ნომერი (კეტერი?) ფასის ძალაში შესვლის თარიღი ეგზემპლარის სახეობა საჯარო შენიშვნა
          ბათუმის შოთა რუსთაველის სახელმწიფო უნივერსიტეტის მთავარი ბიბლიოთეკა ბათუმის შოთა რუსთაველის სახელმწიფო უნივერსიტეტის მთავარი ბიბლიოთეკა წიგნსაცავი 2023-01-31 7.00 347.65/68(479.22)(075.8) ჩ-59 63608 2023-01-31 63608 2023-01-31 წიგნი 7 ლ.
          ბათუმის შოთა რუსთაველის სახელმწიფო უნივერსიტეტის მთავარი ბიბლიოთეკა ბათუმის შოთა რუსთაველის სახელმწიფო უნივერსიტეტის მთავარი ბიბლიოთეკა წიგნსაცავი 2023-02-08 7.00 347.65/68(479.22)(075.8) ჩ-59 63675 2023-02-08 63675 2023-02-08 წიგნი 7.00
          ბათუმის შოთა რუსთაველის სახელმწიფო უნივერსიტეტის მთავარი ბიბლიოთეკა ბათუმის შოთა რუსთაველის სახელმწიფო უნივერსიტეტის მთავარი ბიბლიოთეკა წიგნსაცავი 2023-02-08 7.00 347.65/68(479.22)(075.8) ჩ-59 63676 2023-02-08 63676 2023-02-08 წიგნი 7.00